Topical approach to life span development. Ed.3. (Record no. 115627)

MARC details
000 -LEADER
fixed length control field 00446nam a2200157Ia 4500
008 - FIXED-LENGTH DATA ELEMENTS--GENERAL INFORMATION
fixed length control field 210210b2007 xxu||||| |||| 00| 0 eng d
020 ## - INTERNATIONAL STANDARD BOOK NUMBER
International Standard Book Number 0 07 061570 5
082 ## - DEWEY DECIMAL CLASSIFICATION NUMBER
Classification number 155 SANT
100 ## - MAIN ENTRY--PERSONAL NAME
Personal name SANTROCK (John W).
245 ## - TITLE STATEMENT
Title Topical approach to life span development. Ed.3.
250 ## - EDITION STATEMENT
Edition statement
260 ## - PUBLICATION, DISTRIBUTION, ETC.
Place of publication, distribution, etc. New Delhi
Name of publisher, distributor, etc. Tata McGraw-Hill Publishing Company Ltd.
Date of publication, distribution, etc. 2007
300 ## - PHYSICAL DESCRIPTION
Extent xxxv,778
690 ## - LOCAL SUBJECT ADDED ENTRY--TOPICAL TERM (OCLC, RLIN)
Topical term or geographic name as entry element Developmental Psychology
906 ## - LOCAL DATA ELEMENT F, LDF (RLIN)
a SG04859
Holdings
Withdrawn status Lost status Damaged status Not for loan Collection code Home library Current library Shelving location Date acquired Source of acquisition Cost, normal purchase price Total Checkouts Full call number Barcode Date last seen Date last checked out Price effective from Koha item type
          St Aloysius Library St Aloysius Library   02/17/2021 Book World Mangalore-3 0.00 14 155 SANT SG04859 04/24/2026 04/17/2026 02/17/2021 Special Grants